| 000 | 00643nam a22001697a 4500 | ||
|---|---|---|---|
| 008 | 150618b xxu||||| |||| 00| 0 eng d | ||
| 020 | _a9781259008269 | ||
| 050 | _aPE 1001 .L987 te3sb 2014 | ||
| 100 | _aLoveday, Peter | ||
| 245 |
_aTakeaway english 3 _b: english for success : student book / _cPeter Loveday ; Melissa Koop ; Sally Trowbridge ; Edward Scarry .-- |
||
| 260 |
_aNew York : _bMcGraw-Hill _cc2014 |
||
| 300 |
_a154 pages., _bcolor illustrations., ; _c27 cm. _eStudent book |
||
| 500 | _aIncludes audio list tracks. | ||
| 650 | _aLanguage | ||
| 700 | _aKoop, Melissa., Trowbridge, Sally., Scarry, Edward. | ||
| 942 |
_2lcc _cBK |
||
| 999 |
_c288270 _d288270 |
||